Isle of Palms a lowcountry tale

Salvato in:
Dettagli Bibliografici
Autore principale: FRANK, Dorothea Benton
Natura: Libro
Lingua:inglese
Pubblicazione: Berkley Books 2003.
Tags: Aggiungi Tag
Nessun Tag, puoi essere il primo ad aggiungerne!!

MARC

LEADER 00000nam a22000007a 4500
008 210608b ||||| |||| 00| 0 eng d
020 |a 0-425-20010-8 
100 |a FRANK, Dorothea Benton. 
245 |a Isle of Palms  |b a lowcountry tale  |c Dorothea Benton Frank.  |g xvii, 484p. 
260 |b Berkley Books  |c 2003.   |h New York  |i 694272   |l PS3556 .F885   |m Women – South Carolina – Fiction.  |m Islands – Fiction  |m Isle of Palms (S.C.) – Fiction.  |m South Carolina – Fiction. 
942 |a lcc  |c BK  |e YUNUSA, A.A.  |f 08/06/2021 
952 |0 0  |1 0  |2 lcc  |4 0  |6 PS3556 F885  |7 0  |9 2541  |a HOL  |b HOL  |c LP  |d 2021-06-08  |l 0  |o PS3556 .F885   |p 2021-6392  |r 2021-06-08 00:00:00  |w 2021-06-08  |y BK 
999 |c 1322  |d 1322